[Event "IECC Swiss email"]
[Site "IECC email"]
[Date "2002.03.10"]
[Round "?"]
[White "Marshall, Derek"]
[Black "Hassan, William"]
[Result "0-1"]
[WhiteElo "782"]
[BlackElo "1897"]
[PlyCount "28"]
[EventDate "2002.??.??"]
[EventType "tourn (corr)"]
[EventRounds "6"]
[SourceTitle "Corr 2008"]
[Source "ChessBase"]
[SourceDate "2008.06.24"]
[SourceVersion "1"]
[SourceVersionDate "2008.06.24"]
[SourceQuality "1"]

1. d4 c5 2. c3 e6 3. Nf3 Nc6 4. g3 d5 5. Bg2 Nf6 6. Bf4 Bd6 7. Ne5 0-0 8. Na3 cxd4 9. cxd4 Qa5+ 10. Qd2 Bb4 11. Nd3 Bxd2+ 12. Kd1 Bxf4 13. gxf4 Nxd4 14. Rc1 Ne4 0-1

[Event "IECC CL8-2001.08"]
[Site "IECC email"]
[Date "2001.04.23"]
[Round "?"]
[White "Quen, Jacques M"]
[Black "Marshall, Derek"]
[Result "1-0"]
[WhiteElo "842"]
[BlackElo "807"]
[PlyCount "29"]
[EventDate "2001.??.??"]
[EventType "tourn (corr)"]
[EventRounds "4"]
[SourceTitle "Corr 2008"]
[Source "ChessBase"]
[SourceDate "2008.06.24"]
[SourceVersion "1"]
[SourceVersionDate "2008.06.24"]
[SourceQuality "1"]

1. e4 e5 2. Nf3 Nf6 3. Nc3 Nc6 4. Bb5 Bc5 5. 0-0 d6 6. d4 Bxd4 7. Nxd4 exd4 8. Qxd4 Be6 9. Nd5 0-0 10. Nxf6+ gxf6 11. Bxc6 bxc6 12. Bh6 Re8 13. Qc3 Qd7 14. Qxf6 Qe7 15. Qg7# 1-0

[Event "IECC Swiss email"]
[Site "IECC email"]
[Date "2001.01.16"]
[Round "?"]
[White "Marshall, Derek"]
[Black "Karlsson, Roger"]
[Result "0-1"]
[WhiteElo "822"]
[BlackElo "1031"]
[PlyCount "45"]
[EventDate "2001.??.??"]
[EventType "tourn (corr)"]
[EventRounds "6"]
[SourceTitle "Corr 2008"]
[Source "ChessBase"]
[SourceDate "2008.06.24"]
[SourceVersion "1"]
[SourceVersionDate "2008.06.24"]
[SourceQuality "1"]

1. d4 Nf6 2. Nf3 d6 3. e3 g6 4. Bc4 Bg7 5. Ng5 0-0 6. b3 a6 7. Nc3 b5 8. Bd3 Bb7 9. Rg1 h6 10. Nf3 c5 11. Ba3 b4 12. Bb2 bxc3 13. Bxc3 Ne4 14. Bd2 Nxd2 15. Qxd2 Bxf3 16. gxf3 cxd4 17. exd4 Qb6 18. Qe3 Bxd4 19. Qe2 Bxa1 20. Qxe7 Nc6 21. Qxd6 Bc3+ 22. Kd1 Qxf2 23. Rg4 0-1

[Event "IECC KO email"]
[Site "IECC email"]
[Date "2000.07.08"]
[Round "?"]
[White "Scullion, Stuart"]
[Black "Marshall, Derek"]
[Result "0-1"]
[WhiteElo "991"]
[BlackElo "801"]
[PlyCount "26"]
[EventDate "2000.??.??"]
[EventType "tourn (corr)"]
[EventRounds "6"]
[SourceTitle "Corr 2008"]
[Source "ChessBase"]
[SourceDate "2008.06.24"]
[SourceVersion "1"]
[SourceVersionDate "2008.06.24"]
[SourceQuality "1"]

1. e4 e5 2. Nf3 Nc6 3. Bb5 Nf6 4. 0-0 a6 5. Ba4 Nxe4 6. Re1 f5 7. d4 exd4 8. Nxd4 Bb4 9. c3 Bc5 10. Bxc6 dxc6 11. f3 Qh4 12. fxe4 fxe4 13. Be3 Bg4 0-1

[Event "IECC CL7-2000.08"]
[Site "IECC email"]
[Date "1999.12.30"]
[Round "?"]
[White "Karlsson, Roger"]
[Black "Marshall, Derek"]
[Result "1-0"]
[WhiteElo "922"]
[BlackElo "815"]
[PlyCount "133"]
[EventDate "2000.??.??"]
[EventType "tourn (corr)"]
[EventRounds "4"]
[SourceTitle "Corr 2008"]
[Source "ChessBase"]
[SourceDate "2008.06.24"]
[SourceVersion "1"]
[SourceVersionDate "2008.06.24"]
[SourceQuality "1"]

1. e4 e5 2. Nf3 Nf6 3. Nc3 Nc6 4. Bc4 Bb4 5. 0-0 0-0 6. d4 exd4 7. Nxd4 Nxd4 8. Qxd4 d5 9. exd5 Bf5 10. Bd3 Bxd3 11. cxd3 Bxc3 12. bxc3 Nxd5 13. Ba3 Re8 14. Rfe1 c6 15. c4 Nb6 16. Qxd8 Raxd8 17. Rxe8+ Rxe8 18. Kf1 Na4 19. c5 b6 20. cxb6 axb6 21. Rb1 b5 22. d4 Nc3 23. Rc1 Nxa2 24. Rxc6 b4 25. Bb2 h5 26. d5 h4 27. d6 Rd8 28. Ke2 b3 29. Rb6 g5 30. Kf3 f5 31. g4 Rf8 32. d7 fxg4+ 33. Kxg4 Kf7 34. Kxg5 Rg8+ 35. Kxh4 Ke7 36. Rxb3 Kxd7 37. Rg3 Rf8 38. Rg7+ Ke8 39. Kg3 Nb4 40. Ba3 Nd3 41. Bxf8 Kxf8 42. Ra7 Ne5 43. f4 Nc6 44. Rc7 Nd4 45. h4 Ne2+ 46. Kg4 Nd4 47. f5 Nb5 48. Rh7 Nd6 49. f6 Nf7 50. Kf5 Kg8 51. Rg7+ Kf8 52. Rxf7+ Kxf7 53. h5 Kg8 54. Kg6 Kf8 55. f7 Ke7 56. Kg7 Kd8 57. h6 Ke7 58. h7 Ke6 59. h8Q Ke7 60. Qe8+ Kd6 61. f8Q+ Kd5 62. Qff7+ Kd6 63. Qf5 Kc7 64. Qe7+ Kc6 65. Qee6+ Kc7 66. Qff7+ Kd8 67. Qee8# 1-0

[Event "IECC KO email"]
[Site "IECC email"]
[Date "1999.12.26"]
[Round "?"]
[White "Laureles, Raymundo"]
[Black "Marshall, Derek"]
[Result "1-0"]
[WhiteElo "1743"]
[BlackElo "838"]
[PlyCount "39"]
[EventDate "1999.??.??"]
[EventType "tourn (corr)"]
[EventRounds "6"]
[SourceTitle "Corr 2008"]
[Source "ChessBase"]
[SourceDate "2008.06.24"]
[SourceVersion "1"]
[SourceVersionDate "2008.06.24"]
[SourceQuality "1"]

1. e4 e5 2. f4 d6 3. Nf3 Nc6 4. Bb5 Bg4 5. 0-0 Nf6 6. Nc3 exf4 7. d4 a6 8. Bxc6+ bxc6 9. Bxf4 Rb8 10. b3 d5 11. Qd3 a5 12. h3 Bd6 13. e5 Bb4 14. exf6 Qxf6 15. hxg4 Qxf4 16. Rae1+ Kd7 17. Ne5+ Kd6 18. Rxf4 f6 19. Nf7+ Kd7 20. Qf5# 1-0

[Event "IECC KO email"]
[Site "IECC email"]
[Date "1999.12.26"]
[Round "?"]
[White "Marshall, Derek"]
[Black "Laureles, Raymundo"]
[Result "0-1"]
[WhiteElo "838"]
[BlackElo "1743"]
[PlyCount "46"]
[EventDate "1999.??.??"]
[EventType "tourn (corr)"]
[EventRounds "6"]
[SourceTitle "Corr 2008"]
[Source "ChessBase"]
[SourceDate "2008.06.24"]
[SourceVersion "1"]
[SourceVersionDate "2008.06.24"]
[SourceQuality "1"]

1. e4 c5 2. Nf3 d6 3. Nc3 Bg4 4. Bb5+ Nc6 5. d3 g6 6. Nd5 Bg7 7. h3 Bd7 8. Bg5 h6 9. Bf4 Bxb2 10. Rb1 Bg7 11. c3 e6 12. Ne3 Bxc3+ 13. Nd2 Nb4 14. Ba4 Nxd3+ 15. Ke2 Nxf4+ 16. Kf3 b5 17. Bxb5 Bxb5 18. Rxb5 Qf6 19. Nec4 Nxh3+ 20. Ke3 Qd4+ 21. Kf3 Qxf2+ 22. Kg4 Qxg2+ 23. Kh4 Bf6# 0-1

[Event "IECC Y2KO email"]
[Site "IECC email"]
[Date "1999.10.14"]
[Round "?"]
[White "Marshall, Derek"]
[Black "Lagas, Peter"]
[Result "0-1"]
[WhiteElo "850"]
[BlackElo "1625"]
[PlyCount "62"]
[EventDate "1999.??.??"]
[EventType "tourn (corr)"]
[EventRounds "2"]
[SourceTitle "Corr 2008"]
[Source "ChessBase"]
[SourceDate "2008.06.24"]
[SourceVersion "1"]
[SourceVersionDate "2008.06.24"]
[SourceQuality "1"]

1. d4 Nf6 2. Nc3 d5 3. Nf3 Bf5 4. Bf4 e6 5. g3 h6 6. Ne5 Bb4 7. Bg2 0-0 8. a3 Bxc3+ 9. bxc3 Ne4 10. Qd3 f6 11. Nf3 g5 12. Be3 Nxg3 13. hxg3 Bxd3 14. cxd3 Kg7 15. Bh3 f5 16. Ne5 Nd7 17. Rb1 Nxe5 18. dxe5 b6 19. Rb5 a6 20. Rb4 c5 21. Rb3 d4 22. cxd4 Qd5 23. Rxb6 Qxh1+ 24. Bf1 cxd4 25. Bxd4 Rab8 26. f4 Rxb6 27. Bxb6 gxf4 28. gxf4 Rb8 29. Bc5 Rb1+ 30. Kd2 Qxf1 31. Be7 Qc1# 0-1

[Event "IECC CL7-1999.38"]
[Site "IECC email"]
[Date "1999.09.15"]
[Round "?"]
[White "Leino, Risto"]
[Black "Marshall, Derek"]
[Result "1/2-1/2"]
[WhiteElo "943"]
[BlackElo "809"]
[PlyCount "84"]
[EventDate "1999.??.??"]
[EventType "tourn (corr)"]
[EventRounds "4"]
[SourceTitle "Corr 2008"]
[Source "ChessBase"]
[SourceDate "2008.06.24"]
[SourceVersion "1"]
[SourceVersionDate "2008.06.24"]
[SourceQuality "1"]

1. e4 e5 2. Nf3 Nf6 3. Nc3 Nc6 4. Bc4 Bb4 5. Ng5 0-0 6. Nxf7 Qe7 7. Nd6+ Kh8 8. Nf5 Qc5 9. Be2 d6 10. a3 Bxc3 11. dxc3 Nxe4 12. Ne3 Rxf2 13. Rf1 Rxf1+ 14. Bxf1 Be6 15. b4 Qxc3+ 16. Bd2 Qxd2+ 17. Qxd2 Nxd2 18. Kxd2 Nd4 19. Nc4 Rf8 20. Re1 b5 21. Ne3 c6 22. Nd1 Bg4 23. Kc1 c5 24. Ne3 Be6 25. Bd3 d5 26. Rf1 Kg8 27. Rxf8+ Kxf8 28. bxc5 a5 29. Bxh7 b4 30. a4 Ne2+ 31. Kd2 Nc3 32. h3 Nxa4 33. c6 d4 34. Nf5 Nb2 35. Nd6 Ke7 36. Nf5+ Kf6 37. Nd6 Nc4+ 38. Nxc4 Bxc4 39. Bd3 Bxd3 40. Kxd3 Ke7 41. Kc4 a4 42. Kxb4 e4 1/2-1/2

[Event "IECC CL7-1998.18"]
[Site "IECC email"]
[Date "1998.09.25"]
[Round "?"]
[White "Backhouse, Darren"]
[Black "Marshall, Derek"]
[Result "1-0"]
[WhiteElo "1105"]
[BlackElo "895"]
[PlyCount "35"]
[EventDate "1998.??.??"]
[EventType "tourn (corr)"]
[EventRounds "4"]
[SourceTitle "Corr 2008"]
[Source "ChessBase"]
[SourceDate "2008.06.24"]
[SourceVersion "1"]
[SourceVersionDate "2008.06.24"]
[SourceQuality "1"]

1. e4 e5 2. Nf3 Nf6 3. Nxe5 Nxe4 4. Qe2 Nc5 5. Nc6+ Be7 6. Nxd8 Kxd8 7. d4 Ne6 8. Be3 Bb4+ 9. c3 Ba5 10. Qh5 g6 11. Qxa5 Nc6 12. Bg5+ Nxg5 13. Qxg5+ Ne7 14. Bc4 Rf8 15. Qf6 Ke8 16. 0-0 Rb8 17. Re1 b5 18. Qxe7# 1-0

[Event "IECC M email"]
[Site "IECC email"]
[Date "1998.09.25"]
[Round "?"]
[White "Marshall, Derek"]
[Black "Lafargue, Philippe"]
[Result "0-1"]
[WhiteElo "888"]
[BlackElo "977"]
[PlyCount "58"]
[EventDate "1998.??.??"]
[EventType "tourn (corr)"]
[EventRounds "12"]
[SourceTitle "Corr 2008"]
[Source "ChessBase"]
[SourceDate "2008.06.24"]
[SourceVersion "1"]
[SourceVersionDate "2008.06.24"]
[SourceQuality "1"]

1. d4 c5 2. dxc5 e5 3. Nf3 e4 4. Nd4 Bxc5 5. c3 d5 6. Bf4 Nf6 7. Qa4+ Nbd7 8. g3 0-0 9. b4 Nb6 10. Qb5 Bxd4 11. cxd4 Bd7 12. Qc5 Na4 13. Qc2 Rc8 14. Qb3 Rc4 15. Na3 Rc3 16. Qc2 Rxc2 17. Nxc2 Nc3 18. Bd6 Re8 19. e3 Ng4 20. h3 Ba4 21. Rc1 Qxd6 22. hxg4 Nxa2 23. Ra1 Bxc2 24. Rxa2 Qxb4+ 25. Ke2 Bd3+ 26. Kd1 Qb1+ 27. Kd2 Qxa2+ 28. Kc3 Rc8+ 29. Kb4 a5# 0-1

[Event "IECC CL7-1998.18"]
[Site "IECC email"]
[Date "1998.09.25"]
[Round "?"]
[White "Marshall, Derek"]
[Black "Ross, John E"]
[Result "0-1"]
[WhiteElo "924"]
[BlackElo "1081"]
[PlyCount "36"]
[EventDate "1998.??.??"]
[EventType "tourn (corr)"]
[EventRounds "4"]
[SourceTitle "Corr 2008"]
[Source "ChessBase"]
[SourceDate "2008.06.24"]
[SourceVersion "1"]
[SourceVersionDate "2008.06.24"]
[SourceQuality "1"]

1. d4 Nf6 2. Nc3 d5 3. Nf3 Bf5 4. Nh4 Bd7 5. Bf4 g6 6. Qd2 Nc6 7. 0-0-0 e6 8. Nb5 Rc8 9. g3 Ne4 10. Qd3 Nxf2 11. Qf3 Nxh1 12. Qxh1 g5 13. Bxc7 Rxc7 14. Nxc7+ Qxc7 15. Qf3 gxh4 16. gxh4 Bg7 17. Bh3 Nxd4 18. Qa3 Qxc2# 0-1